000
00289nam a2200109Ia 4500
008
220216s9999 xx 000 0 und d
100
_a
Chan Weng Hoong
245
0
_a
Survey of tree dryness on panels BO-1 and BO-2 of clone PB260
260
_b
Planter
_c
1996
300
_a
55-65
942
_c
JS
999
_c
70043
_d
70043